| 000 | 00518nam a2200157 a 4500 | ||
|---|---|---|---|
| 008 | 080109s1963 ||||||||||||||||| || u | ||
| 020 | _a071313335x | ||
| 050 | _aTK 454 Ben | ||
| 100 | _aBenson, Frank Atkinson | ||
| 245 | 1 | 0 | _aElectric-circuit theory |
| 250 | _a2nd ed. | ||
| 260 |
_aLondon _bEdward Arnold _c1963 |
||
| 300 | _aviii, 402p. : ill. | ||
| 350 | _a0.00 | ||
| 995 |
_D0.00 _FCBU-MAIN LIBRARY (Kitwe) _H1 _I15.00 _M1 _UDAMAGED _ZMain Library Open Access Collection |
||
| 999 |
_c41416 _d41416 |
||